000 00405nam a2200157Ia 4500
005 20250123013042.0
008 240331s9999 xx 000 0 und d
020 _a
082 _2PER
_a920
100 _aDesilva, E.P
245 2 _aA short Biography of Dr. N. M. Perera
260 _aColombo
_bE.P. de Silva
_c1975
300 _a131 p .,
500 _aA Short Biography of Dr. N. M. Perera
942 _cL
999 _c5731
_d5731